Daily Capital City Riddle #23 - Statistics

General Stats
  • This quiz has been taken 58 times
  • The average score is 29 of 35
Answer Stats
Type Answer % Correct
Found Letter A
100%
Alphabet Letter E
100%
Found Letter N
100%
Alphabet Letter R
100%
Alphabet Letter B
98%
Found Letter I
98%
Found Letter O
98%
Alphabet Letter T
98%
Alphabet Letter D
96%
Alphabet Letter G
96%
Found Letter S
96%
Alphabet Letter L
94%
Alphabet Letter M
94%
Alphabet Letter P
94%
Alphabet Letter W
94%
Alphabet Letter H
91%
Alphabet Letter K
91%
Found Letter U
91%
Found Letter C
89%
Alphabet Letter V
85%
Alphabet Letter Y
85%
Alphabet Letter J
77%
Correctly Placed Letter A
72%
Alphabet Letter F
70%
Correctly Placed Letter N
68%
Correctly Placed Letter Ó
68%
Correctly Placed Letter U
68%
Alphabet Letter X
68%
Correctly Placed Letter C
66%
Correctly Placed Letter I
66%
Alphabet Letter Z
66%
Correctly Placed Letter N
60%
Alphabet Letter Q
60%
Correctly Placed Letter S
60%
Mystery Capital Asunción
55%
No matching quizzes found
Score Distribution
Percent of People with Each Score
Percentile by Number Answered
Your Score History
You have not taken this quiz